Metodología de la investigación participativa.

Guardat en:
Dades bibliogràfiques
Autor principal: Yopo P., Boris (autor)
Format: Llibre
Idioma:espanyol
Matèries:
Etiquetes: Afegir etiqueta
Sense etiquetes, Sigues el primer a etiquetar aquest registre!

MARC

LEADER 00000cam^a2200000uu^4500
001 000457623
005 20250521000000.0
008 050901s1981^^^^^^^^^^^^rd^r^^000^0^spa^d
009 20260526145641.264
035 |a FCE 000000058 
035 |a FCE 000059 
037 |a Acervo ITESO - Biblioteca 
041 |a spa 
082 0 4 |a 374.02  |b CREFAL 16 
100 |a Yopo P., Boris  |e (autor) 
245 1 0 |a Metodología de la investigación participativa. 
264 |a Michoacán :  |b CREFAL,  |c 1981. 
300 |a 52 p. 
336 |a texto  |b txt  |2 rdacontenido 
337 |a sin mediación  |b n  |2 rdamedio 
338 |a volumen  |b nc  |2 rdasoporte 
649 |a XX 
650 |a Teoría 
650 |a Desarrollo de la investigación 
650 |a Investigación participativa 
650 |a Metodología de la investigación 
910 |a Fondo Centro de Estudios Educativos 
920 |a Impresos - Libros 
930 |a Fondos Especiales 
905 |a 133 
901 |a ALE000059  |b IT2  |c CEE  |u 20250521 
901 |a ALE041385  |b IT2  |c CEE  |u 20250521 
901 |a ALE041386  |b IT2  |c CEE  |u 20250521 
901 |a ALE041387  |b IT2  |c CEE  |u 20250521 
902 |a https://opac.biblio.iteso.mx/vufind/Record/000457623